[Event "Scottish International Open"]
[Site "Edinburgh, Scotland"]
[Date "2015.07.16"]
[Round "6"]
[White "Palaniswamy, Raja S"]
[Black "Thorarinsson, Pall A"]
[Result "0-1"]
[WhiteElo "2034"]
[BlackElo "2208"]
[PlyCount "104"]
[EventDate "2015.??.??"]
[Source "ChessScotland"]
[SourceDate "2015.07.19"]
[WhiteClock "0:02:58"]
[BlackClock "0:15:09"]

1. e4 g6 2. d4 Bg7 3. Nc3 d6 4. Be3 a6 5. Qd2 Nd7 6. a4 b6 7. f4 Ngf6 8. Be2
Bb7 9. Bf3 e5 10. Nge2 O-O 11. fxe5 dxe5 12. d5 c6 13. O-O b5 14. Ng3 b4 15.
Nce2 cxd5 16. exd5 Re8 17. Be4 Ng4 18. Bg5 Qb6+ 19. Kh1 Nf2+ 20. Rxf2 Qxf2 21.
Rf1 Qb6 22. Bh6 Qd8 23. Bxg7 Kxg7 24. Qxb4 Rb8 25. Qd2 Nc5 26. c4 a5 27. Bc2
Ba6 28. Rf3 Rxb2 29. Nh5+ gxh5 30. Rg3+ Kf8 31. Qh6+ Ke7 32. Rf3 Qb6 33. Qg5+
Kf8 34. Bxh7 Rb1+ 35. Ng1 Rxg1+ 36. Kxg1 Ne4+ 37. Qe3 Qxe3+ 38. Rxe3 Nc5 39.
Bc2 e4 40. Kf2 Bxc4 41. Rc3 Nd3+ 42. Ke3 Bxd5 43. Bxd3 exd3+ 44. Kxd3 Bxg2 45.
Rc5 Rd8+ 46. Kc4 h4 47. Rxa5 h3 48. Ra7 Rd2 49. a5 Bf1+ 50. Kc3 Rxh2 51. a6 Ra2
52. Ra8+ Kg7 0-1

[Event "Scottish International Open"]
[Site "Edinburgh, Scotland"]
[Date "2015.07.16"]
[Round "6"]
[White "Burnett, Andrew"]
[Black "O`Neil, Jim"]
[Result "0-1"]
[WhiteElo "2249"]
[BlackElo "1967"]
[PlyCount "80"]
[EventDate "2015.??.??"]
[Source "ChessScotland"]
[SourceDate "2015.07.19"]
[WhiteClock "0:01:13"]
[BlackClock "0:04:21"]

1. e4 c5 2. Nf3 d6 3. d4 cxd4 4. Nxd4 Nf6 5. Nc3 a6 6. Qf3 Qc7 7. h3 Bd7 8. Nd5
Nxd5 9. exd5 g6 10. Bg5 Bg7 11. O-O-O Qa5 12. Kb1 h6 13. Be3 O-O 14. g4 Bb5 15.
Qe4 Nd7 16. Nb3 Qc7 17. f4 Nf6 18. Qg2 Nxd5 19. Rxd5 Bc6 20. c4 e6 21. f5 exd5
22. cxd5 Bb5 23. Bxb5 axb5 24. g5 Qc4 25. Nc1 hxg5 26. Bxg5 f6 27. Bd2 g5 28.
h4 g4 29. b3 Qd4 30. h5 Kh7 31. Rg1 Rg8 32. Re1 Rae8 33. Re6 Bh6 34. Bxh6 Kxh6
35. Qe2 Rc8 36. Nd3 Rc3 37. Nf2 Rg3 38. Re8 Rg1+ 39. Kc2 Rxe8 40. Qxe8 Qxf2+
0-1

[Event "Scottish International Open"]
[Site "Edinburgh, Scotland"]
[Date "2015.07.16"]
[Round "6"]
[White "Grant, Jonathan I M"]
[Black "Giacometto, Mario"]
[Result "1-0"]
[WhiteElo "2211"]
[BlackElo "1952"]
[PlyCount "63"]
[EventDate "2015.??.??"]
[Source "ChessScotland"]
[SourceDate "2015.07.19"]
[WhiteClock "0:09:38"]
[BlackClock "0:03:27"]

1. c4 f5 2. g3 Nf6 3. Bg2 g6 4. Nc3 Bg7 5. d3 c6 6. e4 d6 7. Nge2 O-O 8. O-O
Qe8 9. h3 e5 10. Be3 Na6 11. Qd2 Be6 12. exf5 Bxf5 13. d4 Qf7 14. g4 Be6 15. d5
cxd5 16. cxd5 Bd7 17. f4 Qe7 18. fxe5 Qxe5 19. Bf4 Qe7 20. Rae1 Ne8 21. Ng3 Qd8
22. Nge4 Rc8 23. Kh1 Rc4 24. Bg5 Rxf1+ 25. Bxf1 Qc8 26. Bxc4 Qxc4 27. Qf4 Qd3
28. Nf2 Qd4 29. Re4 Qc5 30. Re7 Qc8 31. Qf7+ Kh8 32. Bh6 1-0

[Event "Scottish International Open"]
[Site "Edinburgh, Scotland"]
[Date "2015.07.16"]
[Round "6"]
[White "Lapidus, Mark"]
[Black "Gillies, Alex"]
[Result "1-0"]
[WhiteElo "2202"]
[BlackElo "1908"]
[PlyCount "47"]
[EventDate "2015.??.??"]
[Source "ChessScotland"]
[SourceDate "2015.07.19"]
[WhiteClock "1:19:48"]
[BlackClock "0:15:07"]

1. e4 d5 2. exd5 Nf6 3. d4 Bg4 4. f3 Bf5 5. Bb5+ c6 6. dxc6 Qa5+ 7. Nc3 Nxc6 8.
Nge2 O-O-O 9. Bxc6 bxc6 10. b4 Qxb4 11. Rb1 Qc4 12. O-O e5 13. Bg5 Bc5 14. Bxf6
gxf6 15. Ne4 Bxd4+ 16. Nxd4 Rxd4 17. Nd6+ Rxd6 18. Qxd6 Qd4+ 19. Qxd4 exd4 20.
Rb4 Rd8 21. Rd1 c5 22. Rb5 Rd5 23. c4 Re5 24. f4 1-0

[Event "Scottish International Open"]
[Site "Edinburgh, Scotland"]
[Date "2015.07.16"]
[Round "6"]
[White "Edwards, Jonathan"]
[Black "Jennings, Richard"]
[Result "1-0"]
[WhiteElo "2182"]
[BlackElo "1767"]
[PlyCount "55"]
[EventDate "2015.??.??"]
[Source "ChessScotland"]
[SourceDate "2015.07.19"]
[WhiteClock "0:42:55"]
[BlackClock "0:39:17"]

1. Nf3 Nf6 2. c4 c5 3. Nc3 e6 4. g3 b6 5. Bg2 Bb7 6. O-O Be7 7. e3 d6 8. d4 Ne4
9. Qc2 Nxc3 10. Qxc3 O-O 11. Qd3 Nd7 12. Ng5 Bxg5 13. Bxb7 Rb8 14. Bg2 cxd4 15.
exd4 Bxc1 16. Raxc1 Qf6 17. Rfd1 h5 18. Qa3 e5 19. dxe5 Nxe5 20. Qxd6 Qxd6 21.
Rxd6 Rfd8 22. Rd5 Nd3 23. Rxd8+ Rxd8 24. Rd1 b5 25. b3 bxc4 26. bxc4 Rd7 27.
Bc6 Rc7 28. Be4 1-0

[Event "Scottish International Open"]
[Site "Edinburgh, Scotland"]
[Date "2015.07.16"]
[Round "6"]
[White "Olson, Hamish"]
[Black "Shafi, Declan"]
[Result "1-0"]
[WhiteElo "2079"]
[BlackElo "1908"]
[PlyCount "73"]
[EventDate "2015.??.??"]
[Source "ChessScotland"]
[SourceDate "2015.07.19"]
[WhiteClock "0:26:06"]
[BlackClock "0:13:10"]

1. e4 e5 2. Nf3 Nc6 3. Bb5 a6 4. Ba4 Nf6 5. O-O Be7 6. Re1 b5 7. Bb3 d6 8. c3
O-O 9. h3 Nb8 10. d4 Nbd7 11. Nbd2 Bb7 12. Bc2 Re8 13. Nf1 Bf8 14. Ng3 g6 15.
Bg5 h6 16. Bd2 Bg7 17. Qc1 Kh7 18. a4 c5 19. d5 c4 20. b4 cxb3 21. Bxb3 Nc5 22.
Qb1 Nxb3 23. Qxb3 Qd7 24. Reb1 Reb8 25. axb5 axb5 26. Rxa8 Rxa8 27. c4 Qc7 28.
cxb5 Nd7 29. Be3 Qa5 30. Nd2 Nb6 31. Qb4 Nc8 32. Qxa5 Rxa5 33. Nc4 Ra8 34. Bd2
f5 35. Na5 Rxa5 36. Bxa5 fxe4 37. Rc1 1-0

[Event "Scottish International Open"]
[Site "Edinburgh, Scotland"]
[Date "2015.07.16"]
[Round "6"]
[White "Van den Ouden, Lendert"]
[Black "Underwood, James Robert"]
[Result "1-0"]
[WhiteElo "2077"]
[BlackElo "1534"]
[PlyCount "36"]
[EventDate "2015.??.??"]
[Source "ChessScotland"]
[SourceDate "2015.07.19"]

1. e4 e6 2. d3 d5 3. Nd2 Nf6 4. g3 c6 5. Bg2 Nbd7 6. Ngf3 dxe4 7. dxe4 Be7 8.
O-O O-O 9. Qe2 b6 10. e5 Nd5 11. c4 Ba6 12. Qe4 Nc5 13. Qg4 Nb4 14. Nb3 Nxb3
15. Bh6 g6 16. axb3 Re8 17. Ng5 Qc7 18. Qf4 Bb7 1-0

[Event "Scottish International Open"]
[Site "Edinburgh, Scotland"]
[Date "2015.07.16"]
[Round "6"]
[White "Durno, Joy"]
[Black "Morriss, Pete"]
[Result "0-1"]
[WhiteElo "1886"]
[BlackElo "2075"]
[PlyCount "110"]
[EventDate "2015.??.??"]
[Source "ChessScotland"]
[SourceDate "2015.07.19"]

1. d4 Nf6 2. c4 c5 3. d5 b5 4. cxb5 a6 5. bxa6 g6 6. Nc3 Bxa6 7. Nf3 d6 8. g3
Bg7 9. Bg2 Nbd7 10. Rb1 Nb6 11. b3 Bc8 12. Nh4 h6 13. Qc2 Qd7 14. O-O g5 15.
Nf3 Nfxd5 16. Nxd5 Nxd5 17. Nxg5 Bb7 18. Qc4 e6 19. Ne4 Rxa2 20. Qb5 Qxb5 21.
Nxd6+ Kf8 22. Nxb5 Ba6 23. Bxd5 exd5 24. Nc7 Bxe2 25. Re1 Bc3 26. Bb2 Bxe1 27.
Bxh8 Bxf2+ 28. Kxf2 d4 29. Ke1 Kg8 30. Bf6 Bf3 31. Rc1 d3 32. Bc3 Re2+ 33. Kf1
Rxh2 34. Re1 d2 35. Re8+ Kh7 36. Bxd2 Rxd2 37. Re3 Bg2+ 38. Kg1 Rc2 39. Na6 Bb7
40. Nc7 Kg6 41. Ne8 Bd5 42. Nc7 Bc6 43. Rd3 Kg5 44. Nd5 Bxd5 45. Rxd5+ Kg4 46.
Rd3 f5 47. Kf1 h5 48. Kg1 h4 49. gxh4 Kxh4 50. Kf1 f4 51. Ke1 Kg4 52. Kd1 Rb2
53. Rc3 f3 54. Ke1 Kg3 55. Rc1 Kg2 0-1

[Event "Scottish International Open"]
[Site "Edinburgh, Scotland"]
[Date "2015.07.16"]
[Round "6"]
[White "Aitchison, A Keith"]
[Black "Birkett, Richard"]
[Result "0-1"]
[WhiteElo "1837"]
[BlackElo "2058"]
[PlyCount "80"]
[EventDate "2015.??.??"]
[Source "ChessScotland"]
[SourceDate "2015.07.19"]

1. e4 e5 2. Nf3 Nc6 3. Bc4 Nf6 4. d4 exd4 5. e5 d5 6. Bb5 Ne4 7. Nxd4 Bd7 8.
Bxc6 bxc6 9. O-O Bc5 10. Be3 Qe7 11. f3 Ng5 12. f4 Ne4 13. Nd2 Nxd2 14. Qxd2
Bb6 15. Nb3 O-O 16. Qf2 Bf5 17. Bc5 Qe6 18. a4 Qg6 19. a5 Bxc5 20. Qxc5 Rfb8
21. Nd4 Be4 22. Rf2 Rxb2 23. Nxc6 Kh8 24. Qa3 Rxc2 25. Rxc2 Bxc2 26. Qc5 Be4
27. g3 h5 28. Rc1 Qg4 29. Qf2 a6 30. Re1 Qg6 31. Rc1 Kh7 32. Qe2 Bd3 33. Qf3
Re8 34. Qxd5 Be4 35. Qc5 h4 36. Kf2 hxg3+ 37. hxg3 Qh5 38. Rg1 Qf3+ 39. Ke1
Bxc6 40. Qc2+ Qe4+ 0-1

[Event "Scottish International Open"]
[Site "Edinburgh, Scotland"]
[Date "2015.07.16"]
[Round "6"]
[White "Paul, Rabindra"]
[Black "Kafka, Graeme"]
[Result "0-1"]
[WhiteElo "1822"]
[BlackElo "2042"]
[PlyCount "96"]
[EventDate "2015.??.??"]
[Source "ChessScotland"]
[SourceDate "2015.07.19"]

1. e4 c5 2. Nf3 d6 3. Bb5+ Bd7 4. Bxd7+ Nxd7 5. c4 Ngf6 6. Nc3 g6 7. O-O Bg7 8.
d3 O-O 9. Ne1 a6 10. f4 Rb8 11. a4 Ne8 12. a5 Nc7 13. Ra2 Ne6 14. f5 Nd4 15.
Bg5 h6 16. Be3 e6 17. g4 Re8 18. Kh1 exf5 19. gxf5 Nxf5 20. Bf4 Nd4 21. Bxd6
Rc8 22. Bg3 Nf6 23. Ng2 Nh5 24. Bf2 Qd7 25. Ne3 Qh3 26. Qg4 Qxg4 27. Nxg4 f5
28. Ne3 fxe4 29. Nxe4 Rf8 30. Nd5 Kh7 31. Kg2 Nf4+ 32. Nxf4 Rxf4 33. Bg3 Rxf1
34. Kxf1 Nf5 35. Ke2 Nxg3+ 36. hxg3 Rc7 37. b3 g5 38. Rc2 Kg6 39. Rc1 h5 40.
Rf1 Bd4 41. Rf8 h4 42. Kf3 h3 43. g4 Rh7 44. Ng3 Be5 45. Nh5 Rf7+ 46. Rxf7 Kxf7
47. d4 h2 48. Kg2 cxd4 0-1

[Event "Scottish International Open"]
[Site "Edinburgh, Scotland"]
[Date "2015.07.16"]
[Round "6"]
[White "McAndrew, Robert"]
[Black "Mollison, Jamie"]
[Result "1/2-1/2"]
[WhiteElo "2016"]
[BlackElo "1888"]
[PlyCount "41"]
[EventDate "2015.??.??"]
[Source "ChessScotland"]
[SourceDate "2015.07.19"]

1. c4 b6 2. Nf3 Bb7 3. g3 Bxf3 4. exf3 c5 5. d4 cxd4 6. Qxd4 Nc6 7. Qd2 g6 8.
Nc3 Bg7 9. Bg2 Nf6 10. f4 O-O 11. O-O e6 12. Rb1 a6 13. b3 Qe7 14. Bb2 Rfd8 15.
Rfe1 Qf8 16. Rbd1 Rab8 17. Qe2 Na7 18. Nb1 b5 19. Be5 d6 20. Bd4 Nc8 21. h3
1/2-1/2

[Event "Scottish International Open"]
[Site "Edinburgh, Scotland"]
[Date "2015.07.16"]
[Round "6"]
[White "Irving, Neil"]
[Black "Stevenson, Jim"]
[Result "0-1"]
[WhiteElo "1801"]
[BlackElo "2028"]
[PlyCount "92"]
[EventDate "2015.??.??"]
[Source "ChessScotland"]
[SourceDate "2015.07.19"]

1. Nf3 Nf6 2. c4 g6 3. Nc3 Bg7 4. e4 d6 5. d4 O-O 6. Be2 e5 7. d5 h6 8. b4 a5
9. b5 Nbd7 10. a4 Nc5 11. Nd2 Nfd7 12. Nb3 f5 13. Nxc5 Nxc5 14. f3 fxe4 15.
fxe4 Bd7 16. Be3 b6 17. Qc2 Kh7 18. O-O-O Qe7 19. Kb2 Rf7 20. Rdf1 Raf8 21. Qb1
Qh4 22. Rxf7 Rxf7 23. g3 Qe7 24. Rf1 Bh3 25. Rxf7 Qxf7 26. Qg1 h5 27. Qf2 Qxf2
28. Bxf2 Nd7 29. Kc2 Bg2 30. Kd3 Bh6 31. g4 hxg4 32. Bxg4 Nf6 33. h3 Bc1 34.
Bh4 Nxg4 35. hxg4 g5 36. Bf2 Bf3 37. Ne2 Ba3 38. Ng3 Bxg4 39. Nf5 Kg6 40. Ne7+
Kf6 41. Nc6 Bd1 42. Nb8 Ke7 43. Be3 g4 44. Bg5+ Ke8 45. Bh4 Bc1 46. Nc6 Bf4 0-1

[Event "Scottish International Open"]
[Site "Edinburgh, Scotland"]
[Date "2015.07.16"]
[Round "6"]
[White "Opasiak, Dustin Tennessee"]
[Black "Bhopal, Raj"]
[Result "0-1"]
[WhiteElo "1791"]
[BlackElo "2006"]
[PlyCount "124"]
[EventDate "2015.??.??"]
[Source "ChessScotland"]
[SourceDate "2015.07.19"]

1. Nf3 Nf6 2. g3 g6 3. Bg2 Bg7 4. O-O O-O 5. d3 d6 6. e4 c5 7. a4 Nc6 8. Nc3 a6
9. h3 Rb8 10. Qe2 Nd4 11. Nxd4 cxd4 12. Nb1 Qc7 13. f4 Bd7 14. a5 Rbc8 15. Rf2
Qc5 16. Kh2 Rc7 17. c4 dxc3 18. bxc3 Qh5 19. Qxh5 Nxh5 20. Bb2 e5 21. Ba3 Rc6
22. f5 Rfc8 23. Bb4 Bh6 24. Na3 Be3 25. Rf3 Bc5 26. Bxc5 Rxc5 27. Nc4 d5 28.
Nb6 dxe4 29. dxe4 R8c7 30. Nd5 Rxd5 31. exd5 gxf5 32. Re3 e4 33. g4 fxg4 34.
Bxe4 g3+ 35. Kg2 f5 36. d6 Rc5 37. Bxb7 Rb5 38. Bf3 Rb2+ 39. Kf1 f4 40. Bd5+
Kf8 41. Re2 Bxh3+ 42. Ke1 Rb8 43. Bf3 Nf6 44. Rd1 h5 45. Rd4 Rb1+ 46. Rd1 Rxd1+
47. Kxd1 h4 48. Kd2 Bd7 49. c4 h3 50. Ke1 g2 51. Bxg2 hxg2 52. Rxg2 f3 53. Rg3
Bc6 54. c5 Kf7 55. Rh3 Ke6 56. Rh6 Kf5 57. Rh8 Ng4 58. Rf8+ Ke4 59. Rg8 f2+ 60.
Kf1 Kf3 61. Rf8+ Ke3 62. Rg8 Nh2# 0-1

[Event "Scottish International Open"]
[Site "Edinburgh, Scotland"]
[Date "2015.07.16"]
[Round "6"]
[White "Burnett, Walter"]
[Black "Schmerwitz, Reinhard"]
[Result "1-0"]
[WhiteElo "1983"]
[BlackElo "1829"]
[PlyCount "61"]
[EventDate "2015.??.??"]
[Source "ChessScotland"]
[SourceDate "2015.07.19"]

1. e4 c5 2. Nc3 e6 3. f4 Nc6 4. Nf3 Nge7 5. d3 Ng6 6. Be2 Nh4 7. O-O Nxf3+ 8.
Bxf3 Be7 9. Qe1 O-O 10. Be3 b6 11. e5 d5 12. exd6 Qxd6 13. f5 exf5 14. Bf4 Qxf4
15. Bxc6 Qd4+ 16. Kh1 Be6 17. Nb5 Qf6 18. Bxa8 Rxa8 19. Nc7 Rd8 20. Nxe6 fxe6
21. b3 Bd6 22. a4 Be5 23. Rd1 Rd4 24. Rf3 Bc7 25. c3 Rh4 26. g3 Rh6 27. d4 cxd4
28. cxd4 e5 29. dxe5 Bxe5 30. Rd5 Qc6 31. Qxe5 1-0

[Event "Scottish International Open"]
[Site "Edinburgh, Scotland"]
[Date "2015.07.16"]
[Round "6"]
[White "Doyle, James"]
[Black "MacGilchrist, Siegrun"]
[Result "1-0"]
[WhiteElo "1962"]
[BlackElo "1746"]
[PlyCount "131"]
[EventDate "2015.??.??"]
[Source "ChessScotland"]
[SourceDate "2015.07.19"]

1. d4 d5 2. c4 Nf6 3. Nf3 c6 4. e3 Bg4 5. Be2 e6 6. O-O dxc4 7. Bxc4 Nbd7 8.
Nc3 Bd6 9. h3 Bxf3 10. Qxf3 O-O 11. b3 Nb6 12. Bd3 e5 13. Bb2 exd4 14. exd4 Qc7
15. Ne2 Nbd5 16. g3 Rad8 17. Rfc1 Qe7 18. a3 Rfe8 19. Nc3 Nxc3 20. Rxc3 Nd5 21.
Rc2 Qf6 22. Qxf6 Nxf6 23. Kf1 g6 24. Re1 Rxe1+ 25. Kxe1 Nd5 26. Re2 f5 27. Bc4
Bf8 28. Kd2 Kf7 29. Kd3 b5 30. Bxd5+ Rxd5 31. b4 c5 32. bxc5 Bxc5 33. Rc2 Bb6
34. f4 Rd7 35. g4 Bc7 36. gxf5 Bxf4 37. fxg6+ hxg6 38. Rc5 a6 39. Ke4 Bh6 40.
Rc6 Re7+ 41. Kd5 Ra7 42. Kc5 Bg7 43. Kb6 Rd7 44. Rc7 Rxc7 45. Kxc7 a5 46. Kb6
b4 47. a4 Bf8 48. Kxa5 Ke6 49. Kb5 Kd5 50. a5 Bd6 51. a6 Bb8 52. Kb6 Kc4 53.
Kb7 Kb5 54. d5 Ka5 55. d6 Bxd6 56. a7 Kb5 57. a8=Q Kc4 58. Qg8+ Kb5 59. Qd5+
Bc5 60. Bd4 g5 61. Qxc5+ Ka4 62. Qxg5 Kb3 63. h4 Ka2 64. h5 b3 65. h6 b2 66.
Qd2 1-0

[Event "Scottish International Open"]
[Site "Edinburgh, Scotland"]
[Date "2015.07.16"]
[Round "6"]
[White "Milton, Carl"]
[Black "Walker, Duncan"]
[Result "1-0"]
[WhiteElo "1777"]
[BlackElo "1954"]
[PlyCount "77"]
[EventDate "2015.??.??"]
[Source "ChessScotland"]
[SourceDate "2015.07.19"]

1. d4 Nf6 2. c4 e6 3. Nf3 Bb4+ 4. Bd2 a5 5. g3 O-O 6. Bg2 Qe7 7. O-O Bxd2 8.
Nbxd2 d6 9. Qc2 Nc6 10. Rfd1 e5 11. d5 Nb4 12. Qc3 e4 13. Nd4 Re8 14. a3 Na6
15. e3 Bg4 16. Rf1 Qd7 17. Qxa5 Bh3 18. Qc3 Bxg2 19. Kxg2 Re5 20. Rh1 Rh5 21.
h3 g5 22. Qc2 Re8 23. Ne2 Qe7 24. Nc3 c6 25. dxc6 bxc6 26. b4 d5 27. cxd5 cxd5
28. Nb3 Rc8 29. Qd2 g4 30. hxg4 Rg5 31. Rae1 Qe6 32. Nd4 Qxg4 33. Rc1 Qd7 34.
Nce2 Rxc1 35. Rxc1 Rh5 36. Nf4 Rh6 37. Qc3 Kg7 38. Qc8 Qa4 39. Nf5# 1-0

[Event "Scottish International Open"]
[Site "Edinburgh, Scotland"]
[Date "2015.07.17"]
[Round "6"]
[White "Kynoch, Richard"]
[Black "Graham, Alan"]
[Result "1/2-1/2"]
[WhiteElo "1934"]
[BlackElo "1739"]
[PlyCount "37"]
[EventDate "2015.??.??"]
[Source "ChessScotland"]
[SourceDate "2015.07.19"]

1. e4 c6 2. d4 d5 3. e5 c5 4. dxc5 Nc6 5. Bf4 e6 6. Nf3 Bxc5 7. Qd2 Nge7 8. h4
Qb6 9. c3 O-O 10. Bd3 d4 11. Qe2 Nd5 12. Bg5 Bd7 13. h5 f6 14. exf6 Nxf6 15. h6
g6 16. Qc2 Bd6 17. Qe2 Be7 18. Qc2 Be8 19. Qe2 1/2-1/2

[Event "Scottish International Open"]
[Site "Edinburgh, Scotland"]
[Date "2015.07.16"]
[Round "6"]
[White "McHarg, Steven"]
[Black "Ridge, Michael"]
[Result "0-1"]
[WhiteElo "1476"]
[BlackElo "1917"]
[PlyCount "94"]
[EventDate "2015.??.??"]
[Source "ChessScotland"]
[SourceDate "2015.07.19"]

1. d4 Nf6 2. Nc3 d5 3. Bf4 g6 4. h3 Bg7 5. e3 O-O 6. Nf3 c5 7. dxc5 Qa5 8. Bd3
Qxc5 9. Rb1 Nfd7 10. Nd4 e5 11. Nb3 Qc6 12. Bb5 Qe6 13. Bg3 Nb6 14. O-O a6 15.
Be2 N8d7 16. a4 Nf6 17. a5 Nbd7 18. Bf3 e4 19. Be2 Ne5 20. Ra1 Nc6 21. Na4 Nd7
22. Rb1 f5 23. Nbc5 Nxc5 24. Nxc5 Qf7 25. Na4 Be6 26. Nb6 Rad8 27. b4 Qe7 28.
Qc1 g5 29. f4 d4 30. fxg5 dxe3 31. c3 Rd2 32. Bc4 Ne5 33. Bxe6+ Qxe6 34. Bxe5
Bxe5 35. Rb2 Rfd8 36. Rxd2 Rxd2 37. c4 Qg6 38. Nd5 Qxg5 39. g4 Qh4 40. Ne7+
Qxe7 41. Rd1 Qd6 42. Re1 e2 43. c5 Qd4+ 44. Kg2 f4 45. c6 bxc6 46. Qxc6 Qd7 47.
Qxe4 Qd5 0-1

[Event "Scottish International Open"]
[Site "Edinburgh, Scotland"]
[Date "2015.07.16"]
[Round "6"]
[White "Parks, Joe"]
[Black "Roth, Michael J"]
[Result "1-0"]
[WhiteElo "1897"]
[BlackElo "1714"]
[PlyCount "112"]
[EventDate "2015.??.??"]
[Source "ChessScotland"]
[SourceDate "2015.07.19"]

1. d4 Nf6 2. g3 d5 3. Bg2 b6 4. c4 c6 5. Nf3 e6 6. O-O Bd6 7. Qc2 Nbd7 8. cxd5
cxd5 9. Nc3 Ba6 10. Re1 Rc8 11. Qa4 Bc4 12. b3 Bd3 13. exd3 Rxc3 14. Bd2 Rc7
15. Rac1 O-O 16. Rxc7 Qxc7 17. Rc1 Qb7 18. Qc6 Qxc6 19. Rxc6 Bb8 20. Bc3 Rd8
21. Ne5 Kf8 22. Bb4+ Ke8 23. f4 Nxe5 24. dxe5 Kd7 25. Rc1 Ne8 26. d4 Rc8 27.
Rxc8 Kxc8 28. Bf1 Nc7 29. a4 Kb7 30. Kf2 a6 31. g4 Ba7 32. Ke3 Kc6 33. h4 Kd7
34. Bf8 g6 35. Bd3 b5 36. f5 Ke8 37. Bd6 Kd7 38. fxg6 fxg6 39. h5 gxh5 40. gxh5
bxa4 41. bxa4 Ne8 42. Bf8 Bb6 43. Bxh7 Bd8 44. Bh6 Ba5 45. Bd3 Nc7 46. Bg7 Ke7
47. h6 Kf7 48. Bf6 Ne8 49. h7 Nxf6 50. exf6 Bd8 51. h8=Q Bxf6 52. Qh7+ Kf8 53.
Bg6 Bg7 54. Qh2 Kg8 55. Qd6 a5 56. Qxe6+ Kh8 1-0

[Event "Scottish International Open"]
[Site "Edinburgh, Scotland"]
[Date "2015.07.16"]
[Round "6"]
[White "Lawson, Robert"]
[Black "Jelfs, Alan"]
[Result "0-1"]
[WhiteElo "1628"]
[BlackElo "1889"]
[PlyCount "88"]
[EventDate "2015.??.??"]
[Source "ChessScotland"]
[SourceDate "2015.07.19"]

1. d4 f5 2. Nf3 Nf6 3. c4 e6 4. Bg5 Be7 5. Bxf6 Bxf6 6. Nc3 d5 7. e3 c6 8. Bd3
Qe7 9. O-O O-O 10. Qc2 g6 11. Rab1 Nd7 12. b4 dxc4 13. Bxc4 b5 14. Bd3 Bb7 15.
e4 a6 16. Rfe1 Qg7 17. e5 Bd8 18. a4 Re8 19. a5 Kh8 20. Ne2 g5 21. h3 Nf8 22.
Ng3 Ng6 23. Nh5 Qh6 24. Nf6 Re7 25. Bxf5 exf5 26. Qxf5 Nh4 27. Nxh4 gxh4 28.
Rbd1 Bc7 29. d5 cxd5 30. Nxd5 Qg7 31. Qg4 Bxd5 32. Qxg7+ Rxg7 33. Rxd5 Rag8 34.
g4 hxg3 35. f4 g2 36. f5 Bb8 37. f6 Ba7+ 38. Rc5 Bxc5+ 39. bxc5 Rf7 40. c6 Re8
41. Rc1 Rc7 42. Rc5 Kg8 43. Kxg2 Kf7 44. Kf3 Re6 0-1

[Event "Scottish International Open"]
[Site "Edinburgh, Scotland"]
[Date "2015.07.16"]
[Round "6"]
[White "Rubio, Luis"]
[Black "Heathwood, Richard"]
[Result "1-0"]
[WhiteElo "1826"]
[BlackElo "1672"]
[PlyCount "67"]
[EventDate "2015.??.??"]
[Source "ChessScotland"]
[SourceDate "2015.07.19"]

1. e4 e6 2. d4 d5 3. Nd2 Be7 4. Ngf3 Nf6 5. e5 Nfd7 6. Be2 c5 7. c3 Nc6 8. O-O
O-O 9. Nb3 cxd4 10. cxd4 f6 11. exf6 Nxf6 12. a3 Bd7 13. Bd3 Bd6 14. Re1 Qc7
15. h3 Rae8 16. Bg5 e5 17. dxe5 Nxe5 18. Nxe5 Bxe5 19. Rc1 Qd6 20. Qd2 Ne4 21.
Bxe4 dxe4 22. Qxd6 Bxd6 23. Rcd1 Ba4 24. Rxd6 Bxb3 25. Rd7 Rf7 26. Rd4 h6 27.
Bd2 Rfe7 28. Bb4 Re6 29. Rd7 Rb6 30. Bc3 g5 31. Bd4 Rbe6 32. Rg7+ Kf8 33. Rxb7
Rd6 34. Bc5 1-0

[Event "Scottish International Open"]
[Site "Edinburgh, Scotland"]
[Date "2015.07.16"]
[Round "6"]
[White "Zamvar, Vipin"]
[Black "Moreby, James"]
[Result "1/2-1/2"]
[WhiteElo "1622"]
[BlackElo "1997"]
[PlyCount "67"]
[EventDate "2015.??.??"]
[Source "ChessScotland"]
[SourceDate "2015.07.19"]

1. e4 c5 2. Nf3 d6 3. d4 cxd4 4. Qxd4 Nc6 5. Bb5 Bd7 6. Bxc6 bxc6 7. Nc3 e5 8.
Qd3 Nf6 9. Bg5 h6 10. Bh4 Be7 11. Bxf6 gxf6 12. Nh4 Qc7 13. Nf5 Bxf5 14. exf5
d5 15. f3 Qb6 16. b3 Rg8 17. g4 Ba3 18. Rd1 Bb4 19. Ke2 O-O-O 20. Na4 Qb7 21.
Kf2 e4 22. Qd4 exf3 23. Kxf3 Qe7 24. c3 Bd6 25. Rhe1 Qc7 26. Rd2 Bxh2 27. Rxh2
Qxh2 28. Qxa7 Qh3+ 29. Kf2 Qh4+ 30. Kf1 Qh1+ 31. Kf2 Qh2+ 32. Kf3 Qh3+ 33. Kf2
Qh2+ 34. Kf3 1/2-1/2

[Event "Scottish International Open"]
[Site "Edinburgh, Scotland"]
[Date "2015.07.16"]
[Round "6"]
[White "Campbell, Eoin"]
[Black "Smith, Callum"]
[Result "1-0"]
[WhiteElo "1839"]
[BlackElo "1543"]
[PlyCount "55"]
[EventDate "2015.??.??"]
[Source "ChessScotland"]
[SourceDate "2015.07.19"]

1. d4 d5 2. c4 c6 3. Nf3 Nf6 4. Nc3 dxc4 5. a4 Bf5 6. Ne5 Nbd7 7. Nxc4 e6 8. g3
Be7 9. Bg2 O-O 10. O-O h6 11. a5 Qc8 12. a6 b6 13. Bf4 Bh7 14. Nd6 Bxd6 15.
Bxd6 Rd8 16. e4 Nb8 17. Be7 Rd7 18. Bxf6 gxf6 19. Qg4+ Kh8 20. d5 Qg8 21. Qxg8+
Kxg8 22. Rfd1 Kg7 23. dxe6 fxe6 24. e5 Rxd1+ 25. Rxd1 Nxa6 26. Rd7+ Kg6 27.
exf6 Nc5 28. Rg7+ 1-0

[Event "Scottish International Open"]
[Site "Edinburgh, Scotland"]
[Date "2015.07.16"]
[Round "6"]
[White "Volland, Ben"]
[Black "Smith, Stephen H"]
[Result "0-1"]
[WhiteElo "1543"]
[BlackElo "1803"]
[PlyCount "102"]
[EventDate "2015.??.??"]
[Source "ChessScotland"]
[SourceDate "2015.07.19"]

1. c4 Nf6 2. Nc3 e6 3. e4 d5 4. e5 d4 5. exf6 dxc3 6. bxc3 Qxf6 7. Nf3 b6 8. d4
h6 9. Be2 Bb7 10. O-O Bd6 11. Qa4+ Bc6 12. Qc2 O-O 13. Be3 Nd7 14. Rad1 Rfe8
15. Nd2 a5 16. Bf3 Bxf3 17. Nxf3 e5 18. Qa4 Red8 19. Qc6 e4 20. Qd5 exf3 21. g3
Nf8 22. Qh5 Ne6 23. d5 Ng5 24. h4 Ne4 25. Bd4 Be5 26. Rfe1 Nxg3 27. Rxe5 Nxh5
28. Re8+ Rxe8 29. Bxf6 Nxf6 30. Kf1 Ne4 31. Rd3 f5 32. Kg1 Kf7 33. Rxf3 Kf6 34.
Re3 Nd6 35. Rg3 Nxc4 36. h5 Ne5 37. Re3 Red8 38. f4 Rxd5 39. fxe5+ Rxe5 40. Rg3
f4 41. Rg6+ Kf7 42. Rc6 Rc5 43. Rxc5 bxc5 44. Kf2 Kf6 45. Ke2 Kg5 46. Kf3 Kxh5
47. Kxf4 g5+ 48. Kg3 Kg6 49. c4 h5 50. a4 Kf5 51. Kf3 Ke5 0-1